Music Quiz

Random Music Quiz
Score 0/10 Timer 03:00
0 Plays Today
Songs Rapper % Correct
Stan, When I'm Gone, Not AfraidEminem
96.3%
Money On My Mind, Drop the World, GonorrheaLil' Wayne
82.5%
Slow Jamz, Heard 'em Say, HeartlessKanye West
80.9%
21 Questions, Just A Lil Bit, Window Shopper50 Cent
80.7%
Whatever You Like, King Back, Got You BackT.I.
75.5%
Runaway Love, My Chick Bad, Money MakerLudacris
67%
Fancy, Houstatlantavegas, OverDrake
63.5%
Magnificent, Push It, The BossRick Ross
54.6%
My Hood, I Luv It, Lose My MindYoung Jeezy
43.8%
Put Your Hands Up, Hot Sauce To Go, Rockin' With The BestJadakiss
12.9%
Remove Ads.
Support Sporcle.
Get the best of Sporcle when you Go Orange. This ad-free experience offers more features, more stats, and more fun while also helping to support Sporcle. Thank you for becoming a member.

You're not logged in!

Compare scores with friends on all Sporcle quizzes.
OR
Log In

Show Comments

Extras

Created Oct 18, 2010SourceReportNominate
Tags:gangsta, Rapper, Top 10

Top Quizzes Today


Score Distribution

Your Account Isn't Verified!

In order to create a playlist on Sporcle, you need to verify the email address you used during registration. Go to your Sporcle Settings to finish the process.

Report this User

Report this user for behavior that violates our Community Guidelines.

Details: